Normal view
MARC view
- ADVANCES IN COMPOSITE MATERIALS TECHNOLOGY-1 ADVANCES IN COMPOSITE MATERIALS TECHNOLOGY-2 ADVANCES IN MODELING OF COMPOSITE PROCESSES ADVANCES IN COMPOSITE INTERFACE DAMAGE TOLERANCE OF COMPOSITES-1 DAMAGE TOLERANCE OF COMPOSITES-2
Entry Topical Term
001 - CONTROL NUMBER
- control field: 67362
003 - CONTROL NUMBER IDENTIFIER
- control field: NUST
005 - DATE AND TIME OF LATEST TRANSACTION
- control field: 20210628203811.0
008 - FIXED-LENGTH DATA ELEMENTS
- fixed length control field: 210628|| aca||aabn | a|a d
040 ## - CATALOGING SOURCE
- Original cataloging agency: NUST
- Transcribing agency: NUST
150 ## - HEADING--TOPICAL TERM
- Topical term or geographic name entry element: ADVANCES IN COMPOSITE MATERIALS TECHNOLOGY-1 ADVANCES IN COMPOSITE MATERIALS TECHNOLOGY-2 ADVANCES IN MODELING OF COMPOSITE PROCESSES ADVANCES IN COMPOSITE INTERFACE DAMAGE TOLERANCE OF COMPOSITES-1 DAMAGE TOLERANCE OF COMPOSITES-2
670 ## - SOURCE DATA FOUND
- Source citation: Work cat.: (NUST): PROCEEDINGS OF THE AMERICAN SOCIETY FOR COMPSITES, 1986
